000 00350nam a22001457a 4500
008 230901b ||||| |||| 00| 0 eng d
020 _a9780198539476
041 _aeng
080 _a101
082 _a101FOW
100 _a40
101 _aFILOZ
245 _aTHE MATHEMATICS OF PLATO'S ACADEMY A NEW RECONSTRUCTION
_cFOWLER.H.D
942 _2udc
_cBK
999 _c60232
_d60232